Statistics for Best Airlines In The World

Click here to take the quiz!

General Stats

  • This quiz has been taken 1,442 times
  • The average score is 5 of 10

Answer Stats

PositionContinentAnswer% Correct
3AsiaEmirates
83%
1AsiaSingapore Airlines
78%
8AsiaQatar Airways
73%
2Oceania (or whatever you want to call it!)Air New Zealand
64%
5AsiaCathay Pacific Airlines
46%
10AsiaThai International Airways
43%
4AsiaKorean Air
42%
6AsiaAsiana Airlines
29%
9EuropeVirgin Atlantic
11%
7North AmericaVirgin America
7%

Score Distribution

Percentile by Number Answered

Percent of People with Each Score

Your Score History

You have not taken this quiz